Countries Names in Half #2 - Statistics

General Stats
  • This quiz has been taken 75 times
  • The average score is 17 of 21
Answer Stats
Halves Country % Correct
MEX Mexico
100%
ANG Angola
97%
BHU Bhutan
97%
BRA Brazil
97%
KOS Kosovo
94%
PAL Nepal | Palau
94%
TO Togo
94%
WAY Norway
89%
AWl Malawi
87%
ELLES Seychelles
84%
GAB Gabon
82%
IVES Maldives
81%
SAM Samoa
76%
AIT Kuwait
74%
MALA Malaysia
73%
NGA Tonga
73%
OLIA Mongolia
71%
IVIA Bolivia
69%
AMA Panama
69%
URU Nauru
68%
ARIA Bulgaria
44%
No matching quizzes found
Score Distribution
Percent of People with Each Score
Percentile by Number Answered
Your Score History
You have not taken this quiz